Podnikatelský záměr a investiční rozhodování

Gespeichert in:
Bibliographische Detailangaben
1. Verfasser: Fotr, Jiří
Weitere Verfasser: Souček, Ivan
Format: Buch
Sprache:Tschechisch
Veröffentlicht: Praha Grada Publishing 2005
Schriftenreihe:Expert
Schlagworte:
Tags: Tag hinzufügen
Keine Tags, Fügen Sie das erste Tag hinzu!

MARC

LEADER 00000nam$a2200000$$$4500
001 0032814
005 20240306141601.8
020 |a 80-247-0939-2 
041 0 |a cze 
044 |a CZ 
245 1 0 |a Podnikatelský záměr a investiční rozhodování  |c Jiří Fotr, Ivan Souček 
264 1 |a Praha  |b Grada Publishing  |c 2005 
300 |a 356 s. 
490 1 |a Expert 
830 0 |a Expert 
610 2 0 |a zámery podnikateľské 
610 2 0 |a rozhodovanie investičné 
610 2 0 |a projekty investičné 
610 2 0 |a programy investičné 
610 2 0 |a firmy 
610 2 0 |a opcie 
610 2 0 |a flexibilita 
610 2 0 |a efektívnosť ekonomická 
610 2 0 |a riziko 
610 2 0 |a riadenie 
100 1 |a Fotr, Jiří 
700 1 |a Souček, Ivan